000 00522nam a22001817a 4500
003 UA-OsUOA
001 16431
007 ta
008 20040110b un ||||| |||| 00| 0 ukr d
100 _aМілецький В.
942 _cSA
040 _aUA-OsUOA
_cUA-OsUOA
_dUA-OsUOA
245 _aСільські спортивні ігри : підсумок
300 _aС.15
955 _a0
773 0 _w0
_tВільне слово
_dРівне
_d2003
_g№101/26 груд./
650 7 _aКраєзнавча робота
_2UDC
999 _c302596
_d302596